Applied environmental science (Record no. 10474)

000 -LEADER
fixed length control field 00325nam a2200145Ia 4500
003 - CONTROL NUMBER IDENTIFIER
control field OSt
005 - DATE AND TIME OF LATEST TRANSACTION
control field 20220413122142.0
008 - FIXED-LENGTH DATA ELEMENTS--GENERAL INFORMATION
fixed length control field 220318s9999 xx 000 0 und d
020 ## - INTERNATIONAL STANDARD BOOK NUMBER
International Standard Book Number 9789389393392
082 ## - DEWEY DECIMAL CLASSIFICATION NUMBER
Classification number 363.700954
100 ## - MAIN ENTRY--PERSONAL NAME
Personal name Gosh Roy
245 #0 - TITLE STATEMENT
Title Applied environmental science
260 ## - PUBLICATION, DISTRIBUTION, ETC. (IMPRINT)
Name of publisher, distributor, etc Medtech
942 ## - ADDED ENTRY ELEMENTS (KOHA)
Source of classification or shelving scheme
Holdings
Withdrawn status Lost status Source of classification or shelving scheme Damaged status Koha normalized classification for sorting Not for loan Permanent location Current location Date acquired Source of acquisition Cost, normal purchase price Full call number Barcode Date last seen Cost, replacement price Price effective from Koha item type
        363_700954000000000   BMS College of Architecture, Design and Planning BMS College of Architecture, Design and Planning 2022-04-13 4 521.25 363.700954 AR-PG477 2022-04-13 695.00 2022-04-13 PG Books
Copyright © 2025, The Librarian, Library and Information Centre, BMSCA D&P, Bengaluru. All Rights Reserved
web counter

Powered by Koha